| 000 | 00418nam a22001697a 4500 | ||
|---|---|---|---|
| 005 | 20160511110633.0 | ||
| 008 | 160511b xxu||||| |||| 00| 0 eng d | ||
| 020 | _a81-7929-079-4 | ||
| 041 | _aeng | ||
| 082 | _b1239 | ||
| 100 |
_aRodhey J. turner Simister J. stephen _9426 |
||
| 245 | _aProject Management | ||
| 260 |
_aNew Delhi _bInfinity books, _c2004 |
||
| 300 | _a847 | ||
| 650 |
_aManagement _9241 |
||
| 942 | _cBK | ||
| 999 |
_c513 _d513 |
||